History Quiz

Random History or Politics Quiz

Rutherford B. Hayes Experience Quiz Stats

 Plays Quiz not verified by Sporcle

Score 0/5 Timer 05:00
0 Plays Today
Year Position % Correct
1877-1881President of the United States
100%
1865-1867U.S. Representative from Ohio
88.5%
1868-1872Governor of Ohio
80.8%
1876-1877Governor of Ohio
80.8%
1857-1859City Solicitor of Cincinnati, Ohio
19.2%

You're not logged in!

Compare scores with friends on all Sporcle quizzes.
OR
Log In

Sporcle TV

Today on Sporcle TV


Watch our educational content, quiz creation guides, and fun videos on Sporcle TV.

Show Comments

Extras

Top Quizzes Today


Score Distribution

Your Account Isn't Verified!

In order to create a playlist on Sporcle, you need to verify the email address you used during registration. Go to your Sporcle Settings to finish the process.

Report this User

Report this user for behavior that violates our Community Guidelines.

Details: